Loading...
| Literature - European | 0 | 9 | 0 | 0 | 90 | 53 | 78.44 | 1 | 9 | 0.00 | 0.00 |
| Fine Arts - Visual | 0 | 9 | 0 | 0 | 90 | 51 | 76.67 | 6 | 9 | 0.00 | 0.00 |
| Science - Biology | 0 | 9 | 1 | 1 | 85 | 53 | 89.11 | 1 | 5 | 0.00 | 0.00 |
| Science - Other | 0 | 8 | 0 | 1 | 80 | 76 | 97.38 | 1 | 5 | 0.00 | 0.00 |
| Science - Chemistry | 0 | 7 | 1 | 0 | 65 | 56 | 74.00 | 3 | 7 | 0.00 | 0.00 |
| Literature - American | 0 | 6 | 0 | 0 | 60 | 48 | 73.50 | 1 | 4 | 0.00 | 0.00 |
| Science - Physics | 0 | 6 | 1 | 0 | 55 | 62 | 81.33 | 2 | 4 | 0.00 | 0.00 |
| Fine Arts - Classical Music | 0 | 5 | 0 | 0 | 50 | 51 | 87.60 | 2 | 5 | 0.00 | 0.00 |
| Literature - World/Other | 0 | 5 | 2 | 0 | 40 | 67 | 82.60 | 1 | 5 | 0.00 | 0.00 |
| Literature - British | 0 | 5 | 2 | 0 | 40 | 42 | 79.60 | 1 | 4 | 0.00 | 0.00 |
| Social Science | 0 | 3 | 0 | 1 | 30 | 63 | 78.00 | 1 | 3 | 0.00 | 0.00 |
| History - Other | 0 | 2 | 0 | 0 | 20 | 68 | 70.50 | 0 | 2 | 0.00 | 0.00 |
| History - World | 0 | 2 | 1 | 0 | 15 | 73 | 74.00 | 0 | 1 | 0.00 | 0.00 |
| Mythology | 0 | 1 | 0 | 0 | 10 | 63 | 63.00 | 0 | 1 | 0.00 | 0.00 |
| Geography/Current Events | 0 | 1 | 0 | 0 | 10 | 98 | 98.00 | 0 | 0 | 0.00 | 0.00 |
| History - American | 0 | 1 | 0 | 0 | 10 | 67 | 67.00 | 0 | 1 | 0.00 | 0.00 |
| Philosophy | 0 | 1 | 0 | 0 | 10 | 89 | 89.00 | 1 | 1 | 0.00 | 0.00 |
| Fine Arts - Other | 0 | 1 | 1 | 0 | 5 | 78 | 78.00 | 1 | 1 | 0.00 | 0.00 |
| Religion | 0 | 2 | 5 | 0 | -5 | 77 | 91.50 | 1 | 1 | 0.00 | 0.00 |